000 00537nam a2200205Ia 4500
003 OSt
005 20221007112512.0
006 a|||||r|||| 00| 0
007 ta
008 221006b |||||||| |||| 00| 0 eng d
024 _a28,117
037 _cBound Volume
040 _aLCO
_cLCO
_beng
041 _2eng
_aeng
245 0 _aHARVARD LAW REVIEW
260 _aNew
_bDelhi Central News Agency (pvt.) Ltd. 4E/15 Jhandenwelan Ext. New
_c1980
490 _v96 -1982
942 _cCR
999 _c1197680
_d1197680